| 000 | 00327nam a22001217a 4500 | ||
|---|---|---|---|
| 005 | 20260630145753.0 | ||
| 020 | _a9781009100410 | ||
| 082 | _a327.202 KAR/D | ||
| 245 |
_aDiplomatic tradecraft/ _cedited by Nicholas Karlev |
||
| 260 |
_a. - U K _b: Cambridge University Press _c, 2024 |
||
| 300 | _ax+402 pages | ||
| 942 |
_2ddc _cREF |
||
| 999 |
_c761155 _d761155 |
||